01810nam a22002177a 450000500170000000800410001704000070005804100120006508200200007710000220009724501020011926000970022130000260031852010000034465000270134465000360137170000220140794200120142999900190144195201320146020230714114200.0230713b ||||| |||| 00| 0 eng d cAL aEnglish 223a204.4bKWAH aKwatamani9126921 aHolistic Living Truth about Supreme Love Book 1: Resurrecting the Divine body of Flesh He and She aArcadiabKwatamani Holistic Institute of Brain Body and Spiritual Research and Dev Incc2004 a379 p.bPBc21x14 cm. aThere is so much misinformation about raw and living foods, so much data, analysis, and expert advice, and massive confusion reigns supreme. What is the source of this confusion? With so many religious and "spiritual" messages, ideas and concepts to fill the consciousness, why is there still so much anxiety, depression, anger, stress, tension, loneliness, apathy, alienation, frustration, and dishonesty clouding relationships with emotional storms and personal upset? How can one tap into one's fullest potential of living? What went wrong in the first place? How does one make complete and divine change in one's existence? What are the divine signs of the time that indicate a planetary energy shift that begins from within, starts with what you eat and continues to expand into your entire mental, physical and spiritual energy system? How can you experience the higher frequencies of life from the Most Supreme Unseen? Clear away the confusion about what you should consume once and for a aSpiritual life9126709 aLove--Religious aspects9126710 aKWATAMANI9126711 2ddccDB c227840d227840 00102ddc40708OTHaALbALd2023-06-23l0o204.4 KWAHpD05962r2023-07-13 00:00:00w2023-07-13yDBzDonated by V.T. Rajshekar